Dụng cụ cắt gọt

Trong cuốn sách trình những vấn đề tổng quát liên quan đến sự chế tạo và hoàn thiện các kết cấu dụng cụ cắt gọt. Xem xét các vật liệu dụng cụ, các chất làm nguội, bôi trơn, cũng như các kết cấu, các đặc điểm chế tạo và sử dụng cá...

Disgrifiad llawn

Wedi'i Gadw mewn:
Manylion Llyfryddiaeth
Prif Awdur: Philipôp, G.V
Fformat: Llyfr
Iaith:Undetermined
Cyhoeddwyd: Hải Phòng Nhà xuất bản Hải Phòng 2004
Pynciau:
Tagiau: Ychwanegu Tag
Dim Tagiau, Byddwch y cyntaf i dagio'r cofnod hwn!
Thư viện lưu trữ: Trung tâm Học liệu Trường Đại học Cần Thơ
LEADER 01353nam a2200217Ia 4500
001 CTU_135692
008 210402s9999 xx 000 0 und d
020 |c 52000 
082 |a 671.53 
082 |b Ph549 
100 |a Philipôp, G.V 
245 0 |a Dụng cụ cắt gọt 
245 0 |c Philipôp, G.V ; Võ Trần Khúc Nhã biên dịch 
260 |a Hải Phòng 
260 |b Nhà xuất bản Hải Phòng 
260 |c 2004 
520 |a Trong cuốn sách trình những vấn đề tổng quát liên quan đến sự chế tạo và hoàn thiện các kết cấu dụng cụ cắt gọt. Xem xét các vật liệu dụng cụ, các chất làm nguội, bôi trơn, cũng như các kết cấu, các đặc điểm chế tạo và sử dụng các dạng dụng cụ cắt gọt phổ biến nhất như dao tiện, mũi khoan, dao phay, mũi khoét, mũi doa, dụng cụ cắt ren. Độc giả của tài liệu là nhân viên của các xí nghiệp gia công kim loại, cấc công nhân của các phân xưởng cơ khí. 
650 |a Mechanic working,Máy cơ khí 
650 |x Cutting,Dụng cụ cắt gọt 
904 |i Trọng Hiếu 
980 |a Trung tâm Học liệu Trường Đại học Cần Thơ